| 000 -LEADER |
| fixed length control field |
00836nam a2200241Ia 4500 |
| 020 ## - INTERNATIONAL STANDARD BOOK NUMBER |
| ISBN |
0768907667 (text and audiocassettes) |
| 020 ## - INTERNATIONAL STANDARD BOOK NUMBER |
| ISBN |
0768907659 (text only) |
| 040 ## - CATALOGING SOURCE |
| Transcribing agency |
IBI |
| 082 ## - DEWEY DECIMAL CLASSIFICATION NUMBER |
| Classification number |
428 PET 2001 A024 Or. |
| 100 1# - MAIN ENTRY--AUTHOR NAME |
| Personal name |
Rogers, Bruce, |
| 245 10 - TITLE STATEMENT |
| Title |
TOEFL CBT practice tests / |
| 246 10 - VARYING FORM OF TITLE |
| Title proper/short title |
CBT practice tests |
| 260 ## - PUBLICATION, DISTRIBUTION, ETC. (IMPRINT) |
| Place of publication |
Lawrenceville, N.J. : |
| Name of publisher |
Peterson's ; |
| Place of publication |
Stamford, CT : |
| Name of publisher |
Thomson Learning, |
| Year of publication |
c2001 |
| 300 ## - PHYSICAL DESCRIPTION |
| Number of Pages |
vii, 241 p. : |
| Other physical details |
ill. ; |
| Dimensions |
28 cm. + |
| Accompanying material |
2 sound cassettes (analog) |
| 500 ## - GENERAL NOTE |
| General note |
"Adapted from Heinle & Heinle's complete guide to TOEFL test: practice tests. 2nd ed."--T.p. verso |
| 500 ## - GENERAL NOTE |
| General note |
"Test prep"--T.p |
| 650 #0 - SUBJECT ADDED ENTRY--TOPICAL TERM |
| Topical Term |
Test of English as a foreign language |
| 650 #0 - SUBJECT ADDED ENTRY--TOPICAL TERM |
| Topical Term |
English language |
| 650 #0 - SUBJECT ADDED ENTRY--TOPICAL TERM |
| Topical Term |
English language |
| 700 1# - ADDED ENTRY--PERSONAL NAME |
| Personal name |
Rogers, Bruce, |
| 710 2# - ADDED ENTRY--CORPORATE NAME |
| Corporate name or jurisdiction name as entry element |
Peterson's (Firm) |
| 942 ## - ADDED ENTRY ELEMENTS (KOHA) |
| Koha item type |
សៀវភៅភាសាអង់គ្លេស |
| 952 ## - LOCATION AND ITEM INFORMATION (KOHA) |
| Withdrawn status [LOCAL, KOHA] |
0 |